Eurovision 2025 - Statistics

General Stats
  • This quiz has been taken 167 times
  • The average score is 19 of 26
Answer Stats
Place Answer % Correct
1st Austria
100%
2nd Israel
99%
3rd Estonia
96%
4th Sweden
94%
5th Italy
90%
7th France
82%
26th San marino
80%
25th Iceland
76%
8th Albania
75%
6th Greece
74%
11th Finland
72%
10th Switzerland
72%
13th Latvia
70%
24th Spain
70%
19th United Kingdom
70%
15th Germany
69%
16th Lithuania
67%
9th Ukraine
67%
23rd Denmark
65%
12th Netherlands
65%
18th Norway
65%
22nd Luxembourg
64%
17th Malta
64%
14th Poland
64%
21st Portugal
63%
20th Armenia
58%
No matching quizzes found
Score Distribution
Percent of People with Each Score
Percentile by Number Answered
Your Score History
You have not taken this quiz